• 首页
  • 本馆介绍
  • 公告通知
  • 最新文献
  • 馆藏检索
  • 电子资源
  • 读者导购
  • 参考咨询
  • 我的图书馆
  • 登录
  • 详细信息显示
  • 放入我的书架
  • 预约/预借图书
  • 作者相关作品
  • 分类相关作品
  • 丛书相关作品
  • 出版社相关作品

书目信息

  • 表格格式
  • 工作单格式
  • 卡片格式
题名:
汉书
    
 
作者: 班固 撰 ;颜师古 注
分册: 12  
出版信息: 北京   中华书局  1962
页数: 3871-4273页
开本: 20cm
丛书名:
单 册:
中图分类: K234.104.2 , K232
科图分类:
主题词: 历史-中国-西汉时代--纪传体 , 西汉时代-历史--纪传体
电子资源:
ISBN:
000 00734nam0 2200265 450
001 1532036851
005 20150120085451.34
010    @dCNY1.10
091    @a11018.341
100    @a19961012d1962 em y0chiy0110 ea
101 0  @achi
102    @aCN@b110000
105    @ay z 000yy
200 1  @a汉书@9han shu@e一百卷@h12@f(汉)班固撰@g(唐)颜师古注
210    @a北京@c中华书局@d1962
215    @a3871-4273页@d20cm
606 0  @a历史-中国-西汉时代@x纪传体
606 0  @a西汉时代-历史@x纪传体
607    @a中国-历史-西汉时代@x纪传体
690    @aK234.104.2@v5
690    @aK232@v4
701  0 @c(汉)@a班固@9ban gu@f(32~92)@4撰
702  0 @a颜师古@9yan shi gu@4注
801  0 @aCN@bTSSF@c20150120
905    @aZUCC@dK232@eJY68:12
    
    汉书:一百卷.12/(汉)班固撰/(唐)颜师古注.-北京:中华书局,1962
    3871-4273页;20cm
    
    
    ISBN :CNY1.10
    
●
相关链接 在E读中查询图书 在五车中查询图书 在当当中查询图书 在豆瓣中查询图书


正题名:汉书     索取号:K232/JY68:12         预约/预借

序号 登录号 条形码 馆藏地/架位号 状态 备注
1 7836246   278362460   学院路分馆/ [索取号:K232/JY68:12] 在馆    
唐山师范学院图书馆 欢迎您!
大连网信软件有限公司© 版权所有